Εισαγωγή στην ιστορία των θρησκευμάτων : (η καταγωγή των θρησκειών)
Αποθηκεύτηκε σε:
| Κύριος συγγραφέας: | |
|---|---|
| Άλλοι συγγραφείς: | |
| Μορφή: | Βιβλίο |
| Γλώσσα: | Greek Russian |
| Δημοσίευση: |
Αθήνα :
Καζαντζάς,
1975.
|
| Έκδοση: | 3η έκδ. |
| Σειρά: | Ιστορία - φιλοσοφία - κοινωνιολογία
|
| Θέματα: | |
| Ετικέτες: |
Προσθήκη ετικέτας
Δεν υπάρχουν, Καταχωρήστε ετικέτα πρώτοι!
|
MARC
| LEADER | 00000cam a2200000 i 4500 | ||
|---|---|---|---|
| 001 | 1/88211 | ||
| 008 | 051027s1975 gr | ||| |||| ||gre|| | ||
| 035 | |l 10081023 | ||
| 040 | |a GR-MY-UA |b gre |e aacr | ||
| 041 | 1 | |a gre |h rus | |
| 082 | 7 | |a 211.4 |2 (22) | |
| 100 | 1 | |a Lunacharsky, Anatoly Vasilievich |d 1875-1933. | |
| 245 | 1 | 0 | |a Εισαγωγή στην ιστορία των θρησκευμάτων : |b (η καταγωγή των θρησκειών) / |c Ανατόλ Λουνατσάρσκυ ; πρόλογος, επιμέλεια: Βαγγέλη Σακκάτου. |
| 250 | |a 3η έκδ. | ||
| 260 | |a Αθήνα : |b Καζαντζάς, |c 1975. | ||
| 300 | |a 255 σ. ; |c 21 εκ. | ||
| 490 | 1 | |a (Ιστορία - Φιλοσοφία - Κοινωνιολογία) | |
| 500 | |a Με: Κριτική της ιστορίας των θρησκευμάτων / Ernest Renan | ||
| 650 | 0 | 0 | |a Church history |y Primitive and early church, ca. 30-600. |
| 650 | 0 | 0 | |a Rationalism. |
| 650 | 0 | 0 | |a Christianity |x Origin. |
| 650 | 0 | 0 | |a Religion |x History. |
| 700 | 1 | |a Σακκάτος, Βαγγέλης |d (1930- ) |e aui [Συγγραφέας προλόγου] |e edt [Επιμελητής] | |
| 830 | 0 | |a Ιστορία - φιλοσοφία - κοινωνιολογία | |
| 852 | |a INST |b RHODES |c KRI |e 20051027 |h 211.4 LUN |p 005400022599 |q 005400022599 |t BK |y 0 | ||
| 901 | |a BIBL4-2005-3 | ||
| 909 | |a Ρ |b 122224 | ||
| 970 | |a ΚΟΖΑ |b ΜΑΡΙΑ |z 2005/10/27 | ||